| LEADER | 00476nam a22001692a 4500 | ||
|---|---|---|---|
| 001 | 000346754 | ||
| 003 | CZ BrMZK | ||
| 005 | 19980105143423.0 | ||
| 007 | ta | ||
| 008 | 980105s1978 xr f cze d | ||
| 040 | |a BOA001 |b cze | ||
| 100 | 1 | |a Hušková, Marie, |d 1942- |7 jn20000401126 | |
| 245 | 1 | 0 | |a Analýza rozptylu |
| 260 | |a Praha, |c 1978 | ||
| 910 | |a BOA001 |b 4-0796.841 | ||
| 990 | |a BK | ||
| 996 | 7 | |b 2619848173 |c 4-0796.841 |l MZK |r Sklad / do 1 hodiny |n 21 |w 000346754 |u 000010 |a 1 |e BOA001 |j MZK50 |s A | |
English
Čeština 